00772nam a22002297a 450000500170000001000130001702000230003003500130005303700160006604000120008208200130009410000240010724501370013126000610026827000470032930000320037650000510040865000230045965000200048270000250050270000150052720170124110024.0 aB-167659 c395.00a8120327276 aB-167659 bCen Lib/Ret aDPLbEN a621bPAU aPaul, Akshoy Ranjan aMechanical science :cby Akshoy Ranjan Paul, Sanchayan Mukherjee [and] Pijush Roy bengineering thermodynamics and fluid mechanics / aNew DelhibPrentice Hall Of India Private Limited c2005 aM-97, Connought Circus bNew Delhie110001 axvi,587p. :c23cm(Hb)bill. aIncludes bibliographical references and index. aMechanical science aFluid mechanics aMukherjee, Sanchayan aRoy Pijush